ՀՀ Գիտությունների ազգային ակադեմիայի հիմնարար գիտական գրադարան  =   Fundamental Scientific Library of NAS RA

Экономическая эффективность производства молока и мяса крупного рогатого скота в животноводческих комплексах : (Record no. 317230)

MARC details
000 -LEADER
fixed length control field 02066nam a2200265 a 4500
001 - CONTROL NUMBER
control field 000925596
003 - CONTROL NUMBER IDENTIFIER
control field AM-YeHGA
005 - DATE AND TIME OF LATEST TRANSACTION
control field 20250617145715.0
008 - FIXED-LENGTH DATA ELEMENTS--GENERAL INFORMATION
fixed length control field 121107s1975 ru r 000 0 rus d
040 ## - CATALOGING SOURCE
Original cataloging agency AM-YeHGA
041 0# - LANGUAGE CODE
Language code of text/sound track or separate title rus
090 ## - LOCALLY ASSIGNED LC-TYPE CALL NUMBER (OCLC); LOCAL CALL NUMBER (RLIN)
-- 318959
100 1# - MAIN ENTRY--PERSONAL NAME
Personal name Попова, Ирина Сергеевна
245 10 - TITLE STATEMENT
Title Экономическая эффективность производства молока и мяса крупного рогатого скота в животноводческих комплексах :
Remainder of title Лекция для студентов-заочников по специальностям: 1506 - "Зоотехния", 1715 - "Экономика и организация сельского хозяйства" и для слушателей одногодичного заочного экономического факультета повышения квалификации руководящих кадров и специалистов сельского хозяйства /
Statement of responsibility, etc. И.С. Попова, Н.М. Чеботарева; МСХ СССР; Гл. упр. высш. и сред. с.-х. образования; ВСХИ заочного образования.
260 ## - PUBLICATION, DISTRIBUTION, ETC.
Place of publication, distribution, etc. Москва :
Name of publisher, distributor, etc. Б. и.,
Date of publication, distribution, etc. 1975.
300 ## - PHYSICAL DESCRIPTION
Extent 48 с. :
Other physical details табл. ;
Dimensions 20 см.
500 ## - GENERAL NOTE
General note Кн. опис. по обл.
504 ## - BIBLIOGRAPHY, ETC. NOTE
Bibliography, etc. note Библиогр. в конце кн. и подстроч. примеч.
650 14 - SUBJECT ADDED ENTRY--TOPICAL TERM
Topical term or geographic name entry element Крупный рогатый скот
General subdivision Производство молока
650 14 - SUBJECT ADDED ENTRY--TOPICAL TERM
Topical term or geographic name entry element Крупный рогатый скот
General subdivision Производство мяса
700 1# - ADDED ENTRY--PERSONAL NAME
Personal name Чеботарева, Нина Михайловна
710 2# - ADDED ENTRY--CORPORATE NAME
Corporate name or jurisdiction name as entry element Министерство сельского хозяйства CССР
710 2# - ADDED ENTRY--CORPORATE NAME
Corporate name or jurisdiction name as entry element Главное управление высшего и среднего сельскохозяйственного образования
710 2# - ADDED ENTRY--CORPORATE NAME
Corporate name or jurisdiction name as entry element Всесоюзный сельскохозяйственный институт заочного образования
Holdings
Withdrawn status Lost status Damaged status Not for loan Collection Home library Current library Date acquired Total checkouts Full call number Barcode Date last seen Price effective from Koha item type Public note
        General Fundamental Scientific Library Fundamental Scientific Library 09/01/2017   PII/368095 FL0336216 09/01/2017 09/01/2017 Գրքեր / Books 30 Days Loan


ՀՀ ԳԱԱ հիմնարար գիտական գրադարան
ՀՀ,Երևան 0019
Մարշալ Բաղրամյան 24/6
հեռախոս:(374-10) 52-47-50
Հետադարձ կապ

All site content, except where otherwise noted, is licensed under a
Creative Commons License